Bank and Customer Law in Canada

Detalles Bibliográficos
Autor principal: Ogilvie, M.H
Formato: eBook
Lenguaje:inglés
Publicado: Toronto: Irwin Law Inc., 2013
Edición:Segunda Edicin̤
Materias:
Acceso en línea:Acceso restringido

MARC

LEADER 00000nam a22000007a 4500
005 20210804224640.0
007 cr|||| ||||
008 210804s2013 ca |||||s|||| 00||0 eng d
020 |a 9781552213148 
035 |a 34917 
040 |a vLex 
090 |c 11907  |d 11907 
100 1 |a Ogilvie, M.H. 
245 1 0 |a Bank and Customer Law in Canada  |h [Recurso electrn̤ico] /  |c M.H. Ogilvie 
250 |a Segunda Edicin̤ 
256 |a Servicio en ln̕ea 
260 |a Toronto:  |b Irwin Law Inc.,  |c 2013 
300 |a 1 recurso electrn̤ico 
500 |a Bank and Customer Law in Canada is a concise introduction to the laws governing banking in Canada and the relationship between banks and their customers. The book includes a detailed discussion of the corporate governance structure for banks and the types of activities in which banks are permitted to engage in Canada. Foreign banks, bank subsidiaries, and bank holding companies are also covered. On the common law side, the focus is on bank account operation, including paper and electronic payment orders. The book also provides discussion and analysis of electronic banking and the challenges posed by non-bank third party payment providers to traditional banking and banks. It also includes directions to other relevant sources, including websites, so that readers can keep up-to-date on the rapid changes in electronic banking. In addition to updating caselaw and legislative developments, the second edition includes new material dealing with freezing accounts, prefunded cards, and recurring payment systems, as well as the growth of mobile payment systems and other electronic forms of payment. 
506 1 |a Disponible solo en los productos indicados  |d vLex Global  |d vLex Global (Academic Edition, excluding Law Schools)  |d vLex Global (U.S. Academic Edition, Law Schools)  |d vLex Global (U.S. Academic Edition, excluding Law Schools)  |d vLex Global (Academic Edition, Law Schools) 
650 0 4 |a Derecho Civil  |z Canad̀ 
650 0 4 |a Entidades de crďito  |z Canad̀ 
740 0 |a vLex Libros (Servicio en ln̕ea) 
856 4 0 |u https://app.vlex.com/#/sources/34917  |z Acceso restringido 
942 |c BOOK 
999 0 |a Civil Law 
999 0 |a Credit institutions